000 00541cam a22002171 4500
001 sa 64002732
003 DLC
005 20260227112011.0
008 890707s1962 ii 000 0 hino
010 _asa 64002732
035 _a(OCoLC)19982923
040 _aDLC
_cWaU
_dDLC
042 _apremarc
050 0 0 _aPK2098.P7
_bL37
100 1 _aSiṃha, Madhuramālatī.
245 1 0 _aLahara-manthana.
260 _c[1962]
300 _a11, 174 p.
_c19 cm.
500 _aIn Hindi.
600 1 0 _aPrasad, Jai Shankar,
_d1889-1937.
_tLahara.
999 _c57479
_d57479